| 000 | 00331nam a22001217a 4500 | ||
|---|---|---|---|
| 999 |
_c6048 _d6048 |
||
| 245 |
_aHome mortgage finance Act, 2008 (Act 770) _cby Republic of Ghana |
||
| 246 | _aHome Mortgage Finance Act | ||
| 260 |
_aAccra _bAssembly Pres |
||
| 300 | _a21p. | ||
| 440 | _aActs of Parliament | ||
| 650 | _aHome mortgage Finance Act | ||
| 942 | _cREF | ||